| 000 | 00657cab a2200229 4500 | ||
|---|---|---|---|
| 001 | WB3403-06 | ||
| 008 | 090401t1998 xxu||||| |||| 00| 0 eng d | ||
| 035 | _a(Sirsi) u83185 | ||
| 041 | _aeng | ||
| 245 | _aProperty branding | ||
| 260 | _c1998 | ||
| 350 | _a0 | ||
| 490 |
_aFinancial Times _v19 January 1998, 15(1) |
||
| 520 | _aLooks at the feasibility of using branding in the property industry and whether property will get any added value from a brand image. | ||
| 650 | _aBRANDING | ||
| 650 | _aIMAGE | ||
| 650 | _aMARKETING | ||
| 650 | _aPROPERTY INDUSTRY | ||
| 690 | _aPROPERTY-COMMERCIAL PROPERTY | ||
| 942 | _n0 | ||
| 948 | _c20/01/1998 | ||
| 999 |
_c52531 _d52531 |
||